[Logistika ako pridaná hodnota pre zákazníka v globálnej ekonomike]

Recenzia na publikáciu, ktorá si kladie za cieľ identifikovať logistiku ako pridanú hodnotu pre zákazníka v globálnej ekonomike a to prostredníctvom systémového modelu aplikovať s problematikou súvisiace ekonomické teórie na podnikateľskú prax, v konkretizácii na farmaceutický priemysel.

Saved in:
Bibliographic Details
Main Author: Jamborová, Erika Mária
Format: Book Chapter
Language:Slovak
Subjects:
Tags: Add Tag
No Tags, Be the first to tag this record!

MARC

LEADER 00000nla a2200000 4500
001 0199348
005 20240502073355.5
041 0 |a slo 
044 |a SK 
245 1 0 |a [Logistika ako pridaná hodnota pre zákazníka v globálnej ekonomike]  |c Erika Mária Jamborová 
520 |a Recenzia na publikáciu, ktorá si kladie za cieľ identifikovať logistiku ako pridanú hodnotu pre zákazníka v globálnej ekonomike a to prostredníctvom systémového modelu aplikovať s problematikou súvisiace ekonomické teórie na podnikateľskú prax, v konkretizácii na farmaceutický priemysel. 
610 2 0 |a logistika 
610 2 0 |a hodnota pridaná 
610 2 0 |a globalizácia 
610 2 0 |a priemysel farmaceutický 
610 2 0 |a recenzie 
100 1 |a Jamborová, Erika Mária